000 00892nam a2200253Ia 4500
003 OSt
005 20220923220410.0
006 a|||||r|||| 00| 0
007 ta
008 220922b |||||||| |||| 00| 0 hin d
024 _a186,363
037 _cTextual
040 _aARTS
_cARTS
_bhin
041 _2hin
_ahin
082 _aY:1.2, 152M1;N3
100 _aपाण्डे, गोविन्दचन्द्र
245 0 _aभारतीय परम्परा के मूलस्वर
246 _aBhāratīya paramparā ke mūlasvara
260 _aदिल्ली
_b नेशनल पब्लिकेशन
_c1993
300 _a129 पृ.
_ccm.
650 _aभारतीय-लोक साहित्य
942 _hY:1.2, 152M1;N3
_cTEXL
_2CC
999 _c339607
_d339607